000
00281nam a2200109Ia 4500
008
220204s9999 xx 000 0 und d
082
_a
034.71
_b
GAD
100
_a
GADGIL, D R
245
0
_a
Human rights in a multinational society
260
_a
Poona
_b
Gokhale inst
_c
1968
942
_c
BK
999
_c
21100
_d
21100